| 000 | 00395nam a2200145Ia 4500 | ||
|---|---|---|---|
| 008 | 220217s9999 xx 000 0 und d | ||
| 245 | 0 | _aSpecification for braided hose of rubber for petrol and diesel fuels | |
| 260 | _c1963 | ||
| 500 | _aStandard number: IS 2396 | ||
| 650 | _aBraided textile reinforcement | ||
| 650 | _aDiesel | ||
| 650 | _aPetrol | ||
| 650 | _aRubber hose | ||
| 942 | _cST | ||
| 999 |
_c73615 _d73615 |
||